Представление документа в формате RUSMARC

ПолеНазваниеЗначение
  Тип записи a
  Библиографический уровень m
001 Контрольный номер RU/ГПНТБ России/IBIS/84(4Фра)/П 98-376668127
005 Дата корректировки 20260610125203.8
010 Индекс ISBN __
a ISBN 978-5-00195-930-4
b Уточнения в пер.
9 Тираж 2000
100 Данные общей обработки __
a Данные общей обработки 20260610d2024 c y0rusy0250 ca
101 Язык документа 1_
a Язык текста rus
c Язык оригинала fre
102 Страна публикации __
a Страна публикации RU
105 Кодированные данные (монография) __
a Кодированные данные (монография) a ztz 000ay
181 Поле кодированных данных: вид содержания _0
a Код вида содержания (ISBD) b3
b Код характеристики содержания (ISBD) b2e
181 Поле кодированных данных: вид содержания _0
a Код вида содержания (ISBD) i1
182 Поле кодированных данных: тип средства _0
a Код типа средства (ISBD) n
200 Заглавие и сведения об ответственности 1_
a Заглавие Уно. Невероятный друг
e Сведения, относящиеся к заглавию комикс
e Сведения, относящиеся к заглавию для младшего школьного возраста
f Первые сведения об ответственности Ромен Пюжоль, Венсан Ко
g Последующие сведения об ответственности перевод с французского Т. Петухова
203 Вид содержания и тип средства __
c Тип средства непосредственные
a Вид содержания Изображение
a Вид содержания Текст
b Характеристика содержания двухмерное ; неподвижное
210 Выходные данные 1_
a Место издания Москва
c Издательство Манн, Иванов и Фербер
d Дата издания 2024
215 Физическое описание __
a Объем 57, [4] с.
c Иллюстрации/тип воспроизводства цв. ил.
d Формат 21 см
225 Серия 2_
a Серия Уно
333 Примечание о целевом назначении __
a Примечание о целевом назначении информационная продукция для детей, достигших возраста шести лет
333 Примечание о целевом назначении __
a Примечание о целевом назначении для детей младшего возраста, 5-10 лет
517 Другие варианты заглавия 1_
a Другие варианты заглавия Невероятный друг
606 Тематические рубрики __
a Основная рубрика Французская детская литература (произведения)
y Географическая подрубрика Франция
2 Код системы nlr_sh
606 Тематические рубрики __
a Основная рубрика Комиксы
y Географическая подрубрика Франция
z Хронологическая подрубрика 21 в.
j Формальный подзаголовок Издания для детей
2 Код системы nlr_sh
610 Ключевые слова 1_
a Ключевые слова комиксы для детей
610 Ключевые слова 1_
a Ключевые слова детский комикс
686 Индексы других классификаций __
2 Код системы rubbk
a Классификационный индекс 84(4Фра)
700 Автор _1
a Фамилия Пюжоль
b Имя Р.
g Полное личное имя Ромен
4 Код отношения 070
4 Код отношения 440
701 Альтернативная интеллектуальная ответственность _1
a Фамилия Ко
b Имя В.
g Полное личное имя Венсан
4 Код отношения 070
4 Код отношения 440
702 Вторичная интеллектуальная ответственность _1
a Фамилия Петухов
b Имя Т. М.
g Полное личное имя Тимофей Михайлович
4 Код отношения 730
801 Источник записи _0
b Организация ГПНТБ России
a Страна RU
c Дата составления 20260610
801 Источник записи _1
b Организация ГПНТБ России
a Страна RU
c Дата составления 20260610
852 Данные о местонахождении 5_
a Наименование организации ГПНТБ России
m Суффикс шифра хранения 11106104
b Сигла хранения ЦГБ
j Шифр хранения 84(4Фра)
p Инвентарный номер RU
899 Данные о местонахождении __
a Местонахождение ГПНТБ России
p Штрих-код 11106104
b Место хранения ЦГБ
h Классификационная часть РШ 84(4Фра)
i Авторский знак П 98
901 Тип документа __
a Ответственный заим.